Vista normal Vista MARC

Entrada Materia (personas)

Número de registros utilizados en: 1

001 - CONTROL NUMBER

  • control field: 34177

003 - CONTROL NUMBER IDENTIFIER

  • control field: Co-BoUCM

005 - DATE AND TIME OF LATEST TRANSACTION

  • control field: 20130401144551.0

008 - FIXED-LENGTH DATA ELEMENTS

  • fixed length control field: 130401|| aca||aabn | a|a d

040 ## - CATALOGING SOURCE

  • Original cataloging agency: Co-BoUCM
  • Transcribing agency: Co-BoUCM

100 ## - HEADING--PERSONAL NAME

  • Personal name: Cánovas del Castillo, Antonio,
  • Dates associated with a name: 1828-1897.

670 ## - SOURCE DATA FOUND

  • Source citation: Work cat.: (Co-BoUCM)0: Revilla, Manuel de la, 1846-1881. 34176, Obras de D. Manuel de la Revilla, 1883